|
|
|
|
| LEADER |
01208nam a22003017a 4500 |
| 001 |
41103 |
| 003 |
BD-DhAAL |
| 008 |
230411r19651957enk 000 1 eng d |
| 040 |
|
|
|a BD-DhAAL
|c BD-DhAAL
|
| 041 |
1 |
|
|a eng
|
| 082 |
0 |
0 |
|a 891.733
|
| 100 |
1 |
|
|a Tolstoy, Leo,
|c graf,
|d 1828-1910.
|
| 245 |
1 |
0 |
|a War and peace,
|n volume 2 /
|c L. N. Tolstoy ;Translated and with an introduction by Rosemary Edmonds.
|
| 260 |
|
|
|a Harmondsworth,
|b Penguin Books,
|c c1957 [reprinted 1965].
|
| 300 |
|
|
|a 715-1444 pages ;
|c 18 cm.
|
| 362 |
|
|
|a Vol. 2
|
| 490 |
0 |
|
|a The Penguin classics L63
|
| 541 |
|
|
|a Donated By Akbar Ali Khan
|e 41103
|
| 650 |
|
0 |
|a Napoleonic Wars, 1800-1815
|x Campaigns
|z Russia
|x Fiction.
|9 53715
|
| 651 |
|
0 |
|a Russia
|x History
|y Alexander I, 1801-1825
|x Fiction.
|9 53716
|
| 655 |
|
7 |
|a Historical fiction.
|2 gsafd
|
| 655 |
|
7 |
|a War stories.
|2 gsafd
|
| 700 |
|
|
|a Edmonds, Rosemary
|9 54040
|
| 830 |
|
|
|a The Penguin classics L63
|9 53717
|
| 852 |
|
|
|a Ayesha Abed Library
|c Akbar Ali Khan Collection
|
| 942 |
|
|
|2 ddc
|c BK
|
| 999 |
|
|
|c 45666
|d 45666
|
| 952 |
|
|
|0 0
|1 0
|2 ddc
|4 0
|6 891_733000000000000_TOL
|7 1
|9 73536
|a BRACUL
|b BRACUL
|c AAKC
|d 2023-04-11
|e Donated By Akbar Ali Khan
|l 0
|o 891.733 TOL
|p 3010041103
|r 2023-04-11
|t 1
|w 2023-04-11
|y BK
|